000 04348cam a22013574i 4500
003 PE-LiUPU
005 20250813185634.0
008 150706s2012 mx a rb 000 0 spa d
020 _a9786071714367
035 _a(Sirsi) i9786071714367
040 _aPE-LiUPU
_bspa
_cPE-LiUPU
_erda
049 _aPRUA
082 0 4 _a362.29
_bC7
_221
245 0 1 _aCómo proteger a tus hijos contra la droga :
_bguía práctica para padres de familia /
_cKena Moreno coordinadora de la obra.
264 1 _aMéxico :
_bTrillas,
_c2012.
300 _a160 páginas :
_bilustraciones ;
_c20 centímetros
336 _atext
_2rdacontent
337 _aunmediated
_2rdamedia
338 _avolume
_2rdacarrier
500 _aAcciones de acuerdo con la edad de las hijas e hijos.El consumo de drogas en México.Actualaización, ENA, 2012.
504 _aIncluye bibliografía.
505 0 _aLas familias en el siglo XXI -- Desarrollo humano -- El consumo de drogas en México -- Lo que madres, padres de familia o responsables de crianza deben saber: factores de riesgo -- Información básica sobre alcohol, tabaco y otras drogas: efectos y señales de alerta -- Cómo proteger a las familias contra el uso de drogas.
526 _aP202
526 _aP201
526 _aP163
526 _aP162
526 _aP161
526 _aP160
526 _aP148
526 _aP147
526 _aP146
526 _aP145
526 _aP144
526 _aP143
526 _aP142
526 _aP141
526 _aP140
526 _aP139
526 _aP138
526 _aP137
526 _aP136
526 _aP135
526 _aP134
526 _aP133
526 _aP129
526 _aP128
526 _aP127
526 _aP120
526 _aP119
526 _aP118
526 _aP116
526 _aP115
526 _aP114
526 _aP110
526 _aP109
526 _aP108
526 _aP104
526 _aP103
526 _aP102
526 _aP99
526 _aP98
526 _aP97
526 _aP96
526 _aP95
526 _aP93
526 _aP90
526 _aP89
526 _aP88
526 _aP83
526 _aP82
526 _aP62
526 _aP59
526 _aP58
526 _aP57
526 _aP51
526 _aP49
526 _aP48
526 _aP47
526 _aP29
526 _aP24
526 _aP20
526 _aP19
526 _aP17
526 _aP15
526 _aP14
526 _aP12
526 _aP10
526 _aP09
526 _aP08
526 _aP07
526 _aP06
526 _aP05
526 _aP04
526 _aP01
541 _g015-0015996;
541 _g015-0015996;
541 _g015-0015996;
650 0 4 _aPadres e hijos.
_92059
650 0 4 _aConducta de vida.
_9973
650 0 4 _aDrogas.
650 0 4 _aAbuso de drogas.
_91931
650 0 4 _aDrogas y jovenes.
650 0 4 _aDrogas y niños.
700 1 _aMoreno Kena,
_ecoord.
710 2 _aCentros de Integración Juvenil
910 _agl20131104
942 _2ddc
_cBOOK
949 _a362.29 C7
_wDEWEY
_c1
_i68874
_lCCODEBUL1
_mBUL
_p15.00
_r0
_sY
_tBOOK
_u2015-7-6
_xSALUD
_PP33
_o.STAFF. Colección General
949 _a362.29 C7
_wDEWEY
_c2
_i68875
_lCCODEBUL1
_mBUL
_p15.00
_r0
_sY
_tBOOK
_u2015-7-6
_xSALUD
_PP33
_o.STAFF. Colección General
949 _a362.29 C7
_wDEWEY
_c3
_i68876
_lCCODEBUL1
_mBUL
_p15.00
_r0
_sY
_tBOOK
_u2015-7-6
_xSALUD
_PP33
_o.STAFF. Colección General
994 _aC0
_bPEPRU
596 _a1
999 _a362.29 C7
_wDEWEY
_c56068
_i68874
_d56068
_e2015-9-14
_f2021-11-3
_g5
_lCCODEBUL1
_mBUL
_n1
_p15.00
_r0
_sY
_tBOOK
_u2015-7-6
_xSALUD
_PP33
_0COMPRA
_o.STAFF. Colección Ciencias de la Salud
999 _a362.29 C7
_wDEWEY
_c2
_i68875
_f2021-11-3
_g5
_lCCODEBUL1
_mBUL
_p15.00
_r0
_sY
_tBOOK
_u2015-7-6
_xSALUD
_PP33
_0COMPRA
_o.STAFF. Colección Ciencias de la Salud
999 _a362.29 C7
_wDEWEY
_c3
_i68876
_d2016-10-28
_e2016-10-27
_f2021-11-3
_g5
_lCCODEBUL1
_mBUL
_n2
_p15.00
_r0
_sY
_tBOOK
_u2015-7-6
_xSALUD
_PP33
_0COMPRA
_o.STAFF. Colección Ciencias de la Salud
980 _81
_gALBERTO SANCHEZ Responsable de Automatización